MARC

LEADER 00000nas a2200000 4500
001 ssj0008778
003 WaSeSS
005 20200512172242.0
006 m d
007 cr n
008 780607c19789999enkmr p s 0 a0eng c
010 |a  78642069  
016 |a (AMICUS)000000787093 
016 7 |a 101084735  |2 DNLM 
016 7 |a 012420275  |2 Uk 
022 |l 0142-9345  |y 0142-9345 
032 |a 968460  |b USPS 
035 |a (WaSeSS)ssj0008778 
037 |b IC Publications Ltd., 122 E. 42nd St., Room 1121, New York, NY 10168 
040 |a YUS  |b eng  |c YUS  |d DLC  |d OCL  |d NSD  |d NST  |d OCL  |d NST  |d AIP  |d NST  |d AIP  |d NST  |d NSD  |d HUL  |d NST  |d NSD  |d NST  |d IUL  |d CUS  |d NLM  |d OCLCQ  |d NLGGC  |d INU  |d OCLCQ  |d UKMGB  |d OCLCQ  |d INU  |d OCLCF  |d OCLCO  |d DOS  |d OCLCO  |d I8M  |d NLC  |d BNCJM  |d L2U  |d OCLCQ  |d RDF  |d VT2  |d GZM  |d OCLCQ  |d OCLCO  |d CDS  |d WaSeSS 
042 |a pcc  |a nsdp 
043 |a f------ 
050 0 0 |a HC511  |b .A12 
082 0 4 |a 960.3/05 
210 0 |a New Afr.  |b (London. 1978) 
222 0 |a New African  |b (London. 1978) 
245 0 0 |a New African  |h [electronic resource]. 
260 |a [London],  |b [IC Magazines Ltd.] 
310 |a Monthly 
362 0 |a no. 129- May 1978- 
506 |a License restrictions may limit access. 
580 |a Includes as a separate section, July 2008-Mar. 2009: New African woman, 1st issue (July 2008)-issue no. 8 (Mar. 2009). Beginning with summer 2009, New African woman is published as a separate periodical. 
650 7 |a Economic history.  |2 fast  |0 (OCoLC)fst00901974 
650 1 7 |a Economische ontwikkeling.  |2 gtt 
650 7 |a Economic conditions  |z Africa.  |2 ltcsh 
650 7 |a Agriculture  |z Africa.  |2 ltcsh 
651 0 |a Africa  |x Economic conditions  |v Periodicals. 
651 0 |a Africa  |v Periodicals. 
651 7 |a Africa.  |2 fast  |0 (OCoLC)fst01239509 
653 |a Desarrollo industrial 
655 0 |a Electronic journals. 
730 0 2 |a New African woman. 
775 0 8 |i Also available 2007- in a French language edition with different frequency and content:  |t New African (Paris, France)  |x 1960-730X  |w (DLC) 2008257223  |w (OCoLC)243778803 
780 0 0 |t New African development  |x 0140-833X  |w (DLC) 77646422  |w (OCoLC)2726708 
780 0 5 |t NewAfrican life  |w (DLC)sn 93017450  |w (OCoLC)22158239 
785 1 1 |t New African woman  |x 1758-8383  |w (OCoLC)922557631 
850 |a AU  |a CU-S  |a CaMWUC  |a CaOOEDC  |a CaOONL  |a DLC  |a DeU  |a FU  |a IC  |a IEN  |a MH-L  |a MdU  |a MiD  |a MiU  |a MnU  |a NBC  |a NN  |a NcRS  |a NcU  |a NjP  |a PPiD  |a PU  |a RPB  |a ViBlbV  |a WU  |a WyU 
853 2 0 |8 1  |a no.  |i (year)  |j (month)  |w m  |x 01  |y cm08/09 
856 4 0 |z Full text available from Research Library: 06/01/1998 to present  |u https://search.proquest.com/publication/48649 
863 4 1 |8 1.1  |a <557>  |i <2016>  |j <01>